| 000 | 00654cam a2200229 4500 | ||
|---|---|---|---|
| 001 | |||
| 008 | 000000n2001 000 0 eng u | ||
| 020 | _a0922154686X | ||
| 035 | _a(Sirsi) u114284 | ||
| 050 | _a333.332091 $2 18 | ||
| 110 |
_aInternational Valuation Standards Committee _93611 |
||
| 245 | _aInternational valuation standards 2001 | ||
| 260 |
_aLondon _bIVSC _c2001 |
||
| 300 | _ax,458p. ; 21cm. | ||
| 350 | _a70.00 | ||
| 650 | _aINTERNATIONAL VALUATION STANDARDS | ||
| 650 | _aVALUATION STANDARDS | ||
| 650 | _aGLOSSARIES | ||
| 690 | _aPROPERTY-PROPERTY APPRAISAL AND VALUATION | ||
| 856 | _uhttps://www.ivsc.org | ||
| 942 | _n0 | ||
| 999 |
_c101601 _d101601 |
||